00291nam a2200109Ia 4500008004100000020001500041082001500056100002400071245003400095260003200129300002000161250602s9999 xx 000 0 und d a9991520384 a891.489ABD aasraf 'abdhurra?eem 0akuruvaahaka liyaanee kihineh? a"Male', Maldivian"b_c2002 a44 p. ; 21 cm.